000 00391nam a22001577a 4500
003 CEME
005 20210628204137.0
008 210309b xxu||||| |||| 00| 0 eng d
020 _a0-471-04928-7
040 _c.
082 _a621.3678 DIG'B
100 _aBernstein, R
_968922
245 _aDigital image processing for remote sensing
260 _aNEWYORK
_bIEEE
_c473P
942 _cBK
_2ddc
999 _c576370
_d576370